000 01177cad a22002175a 4500
001 L144224
008 080704s2008 xxk f 000 0 eng d
035 _a(Sirsi) u144224
041 0 _aeng
050 0 4 _a320.22 $2 22
110 2 _aBPF/Davis Langdon
_95564
245 0 0 _aFunding regeneration
_ba guide to maximising public sector grants
_h[electronic resource]
250 _a2nd ed.
260 _aLondon
_bBPF
_c2008
520 _aGuide which offers practical advice and tips to developers seeking public funding for regeneration projects. Aims to simplify the funding maze that puts off developers taking from advantage of the wide variety of grants that are available. Provides step-by-step guidance on how to apply successfully for the right public sector funding. Lists the main bodies that offer this financial support. Provides a long list of funding opportunities.
590 _aKA
651 4 _aEngland and Wales
_y1543-
690 _aPROPERTY-PROPERTY FINANCE AND INVESTMENT
856 4 0 _uhttps://www.bpf.org.uk/en/files/bpf_documents/Funding_regeneration_final_printed_version.pdf
_zView this item free of charge at the www.bpf.org.uk website.
942 _n0
999 _c108413
_d108413